[Event "BCC Championship Reserves"]
[Site "BCC"]
[Date "2016.06.02"]
[Round "9"]
[White "Jasan Barnett"]
[Black "James Eyre"]
[Result "1/2-1/2"]
[WhiteElo "825"]
[BlackElo "1262"]

{With the ratings just released the day before, I determined beforehand to try
to get a draw from this game to give myself an increase in my rating (which I
calculated to be approx. 30 points).  I find James hard to play in the endgame
so I needed to start well.  With my decision after the Chris Segrave game to
abandon Alapin's Opening (and variations thereof), this would be my first
competitive match as white following my new style (the most obvious element of
this being a knight first move rather than a central pawn)} 1.Nc3 {Chessmaster
10th ed. calls Dunst an unusual opening which I like as my old white opening
(Alapin) is also not commonly used.} Nf6 {Black follows the Dunst lead.} 2.h3
{I don't want the knight coming down to g4 at any stage.  It also gives my
dark squared bishop an escape route once I move it (eventually) to g5} d5 3.d4
{Not wanting my knight to be pressured by the d pawn} e6 4.Nf3 {I wanted both
knights to be attacking 8 squares each as early as possible} c5 5.Bg5 {I was
not concerned about losing the d4 pawn and also got my bishop to g5} cxd4
6.Nxd4 {Keeping the knights attacking 16 squares theme going (including 6 in
black's territory now)} Nc6 7.e3 {I can now pin the c6 knight as well with the
light squared bishop next move.} Be7 {As I was never planning on taking the
knight I was happy with this.  I would have found a6 more annoying} 8.Bb5 {Pin
on king established} Bd7 {Again, I had no plans to take the knight, so I was
happy with this move as well as I wanted to prepare for the b5 bishop's escape
route.} 9.a3 {The light squared bishop can now retreat all the way back to the
2nd rank} O-O 10.Qd2 {I gave myself options to castle either side} a6 {Retreat
sequence activated! <death star siren wailing in background>} 11.Ba4 b5 {Phase
2 retreat} 12.Bb3 b4 13.axb4 {I saw this as an opportunity to take a half-open
file} Bxb4 14.f3 {Preventing the knight from coming down to e4 if black
decided to chase my g5 bishop away} Be7 15.O-O {The logical castling side, now
that the a1 rook has the half-open file.  I offered a draw here} e5 {This was
interesting.  Right now the white bishop can consecutively take the knight at
f6, the bishop at e7 and the queen at d8, while black can counter with a
three-move capture with the e5 pawn of the knight at d4, the knight at c3 and
the queen at d2.  With white moving first, however, the bishop can retreat
where the pawn cannot.} 16.Bxf6 {After offering a draw (which I always planned
on doing after 15 moves if I was in a good position), I then decided to force
black to make a decision (take my knight and potentially fall into the trap I
mentioned previously: The pawn stranded on the 2nd rank) or re-take the bishop
(probably with bishop)} Bxf6 {It was here I realised that the black pawn move
to e5 on move 15 was (slightly) flawed.  It weakened the d5 pawn which (right
now) is hanging and is being attacked by my bishop and c3 knight.} 17.Nxc6
{This move gave me the draw opportunity I wanted: The queen is attacked and
the d5 pawn is hanging} Bxc6 {I can freely take the pawn and go ahead by that
pawn.  I offered the draw again and it was accepted.  Chessmaster 10th ed
agreed with all moves done except black's 15th move (It suggested Qb6).  I
believe this was my first completed official game where Chessmaster agreed
with every move I made :)  James played well too, considering he was visibly
suffering a little from a threatening cold (Hope you got over it :))} {#d}
1/2-1/2

[Event "BCC Championship"]
[Site "BCC"]
[Date "2016.06.09"]
[Round "10"]
[White "James Watson"]
[Black "Jamie Brotheridge"]
[Result "1-0"]
[WhiteElo "1821"]
[BlackElo "1554"]

1.b4 Nf6 2.Bb2 e6 3.a3 d5 4.e3 a6 5.c4 dxc4 6.Bxc4 b5 7.Be2 Bb7 8.Nf3 Nbd7
9.d4 Be7 10.Nbd2 O-O 11.Nb3 Nb6 12.Na5 Be4 13.Rc1 h6 14.O-O Bd6 15.Nd2 Nfd5??
16.Nxe4 f5 17.Nb7 Bxh2+ 18.Kxh2 Qh4+ 19.Kg1 fxe4 20.g3 Qg5 21.Nc5 Rf6? 22.Nxe4
{l have never played so bad chess before hope to play better next year} {#r}
1-0

[Event "BCC Championship"]
[Site "BCC"]
[Date "2016.06.09"]
[Round "10"]
[White "Patrick Cook"]
[Black "Rodney Jacobs"]
[Result "1/2-1/2"]
[WhiteElo "1669"]
[BlackElo "1659"]

1.b3 e5 2.Bb2 Nc6 3.e3 d6 {I had prepared this move, having suspected Pat
would play Larsen's opening. Black intends to meet the usual 4. Bb5 with Bd7.
After the subsequent a6, to be consistent White has to exchange his white
bishop for Black's knight and give Black's White bishop a nice square on c6.
Overall White is prevented from pressuring e5 as he does in other lines of the
Larsen. (RJ)} 4.Be2 {Very passive. I had prepared the book line 4. Bb5  Bd7 
5. Ne2  a6  6. Bxc6  Bxc6  7. O-O  Qg5 (RJ)} Nf6 5.c4 Bf5 6.d3 Be7 7.Nc3 O-O
8.Nf3 h6 {Interestingly, Deep Shredder (about 2800) thinks this is OK, but
Stockfish 7 (3370) doesn't like it. Both prefer d5 (RJ)} 9.Qd2 Bh7 10.h3 Re8
11.O-O Bf8 {It's funny that in so many positions this is a useful, even book
move. But here the computer programs are not impressed with it, preferring d5
(RJ).} 12.Rad1 d5 {Deep Shredder recommends putting the bishop back on e7!
(RJ)} 13.cxd5 Nxd5 14.a3 Nf6 15.b4 Qd7 {To discourage Nb5, which is met by
Nxb4. (RJ)} 16.Nb1 {Threatening b5. But this is easily met and the knight is
badly placed. (RJ)} a6 17.Rc1 Rad8 18.Rfd1 Qe6 19.Qc3 e4 20.dxe4 {Both
programs indicate this is a mistake, and call it even after Ne1. (RJ)} Nxe4
21.Qc4 Qe7? {Thinking about the possibility of Nxf2. But 21......Ng3! is on.
If 22. fxg3  Qxe3+  23.Kf1 (Kh2 is better) b5! (RJ)} 22.Rxd8 Rxd8 23.Rd1?
{Overlooking the fact that after the exchange of rooks the knight is left
undefended. After Qb3 or Nc3 the position is even.(RJ)} Rxd1+ 24.Bxd1 Nxf2
25.Kxf2 Bxb1 26.Bb3 Be4 27.Nd2 Bg6 28.Nf3 Be4? {Bf5 was the move. I looked at
it for a long time, but was worried about my position after 29 Qf4 Qd7. But it
would have been fine. (RJ)} 29.Nd2? {Ne5! (RJ)} Bf5 30.Nf3 {Qc3 was
better.(RJ)} Be6 31.Qc3 Bxb3 32.Qxb3 Qd7 33.Qc3 Qf5 34.Ke2 Qg6 35.Kf2 Bd6
36.Qc4 Bg3+ 37.Kf1 Qf5 {37...Qb1+ was stronger. (RJ)} 38.Ke2 Qb5 39.Qxb5 axb5
40.Kd3 f6 41.Ke4 Ne7 {41...Kf7 was more accurate (RJ)} 42.Ng1! {The best move,
picked by both my engines.  Pat's endgame play is very strong. (RJ)} Kf7
43.Ne2 Bd6 44.g4 c6 45.Bd4 Ng6 46.Nf4 Ne5 47.Nd3? {47.Bb2 (RJ)} Nc4 48.Bb2?
{48.Bc5 was better now. (RJ)} Nxb2 {Better was the manoeuvre 48...Nd2+! 49.
Kd4  Nf3+ eventually winning the h pawn. (RJ)} 49.Nxb2 Ke6 50.Nd3 b6 51.Kd4 g6
52.e4 Bg3 53.Ke3 Bd6 54.Kd4 Bh2 55.Ke3 Kd6 56.Kd4 c5+ {Setting a little trap
(RJ)} 57.bxc5+ bxc5+ 58.Kc3 {Not falling for it. If 58.Nxc5 Bg1+ (RJ)} Be5+
59.Kc2 c4 60.Nb4 Kc5 {MT: We were too tired yesterday! Here is the first time
this position comes up. But with WHITE TO MOVE.} 61.Kd2 Bf4+? {61...Kd4. The
computers give Black an advantage of 6 after this.(RJ)} 62.Kc3 Be5+ 63.Kc2
{Now for the first time with BLACK to move! (MT).} Kd4 {Now getting the idea.
(RJ)} 64.Nc6+ Kc5? {64...Kxd4. Very short of time, chickening out and playing
it 'safe' - just in case White can pick up the b pawn and run home the a pawn.
But there was no danger of that. (RJ)} 65.Nb4 {Again, with BLACK to move.
Second time! (MT).} Bd6 66.Kc3 Be5+?? {(Almost any other move wins!) Allowing
White alertly to point out he believed he could create a triple repetition on
his next move. We could only establish that for sure by examining the game on
Microbase over the next couple of days.  It was tricky because the sequence
was broken up and the position was in fact created a couple more times with
White to move. I was so intent on pressuring Pat (with me on 3 minutes and him
on less than a minute) that I did not even think about the possibility of a
repetition.(RJ)
I thought this position is winning for Black...I'm down to 51 seconds...it
suddenly occurred to me that 67.Kc2 might well be a three-fold repetition...so
I claimed it...it turns out to be true! (PC).} {#D} 1/2-1/2

[Event "BCC Championship"]
[Site "BCC"]
[Date "2016.06.09"]
[Round "10"]
[White "Bas van Riel"]
[Black "Jeremy Lim"]
[Result "0-1"]
[WhiteElo "1884"]
[BlackElo "1520"]

{584MB, Fritz11.ctg} 1.e4 c5 2.Nf3 d6 3.d4 cxd4 4.Nxd4 Nc6 5.Nc3 g6 6.Be3 Bg7
7.Bc4 Nf6 8.f3 a6 9.Qd2 Qc7 10.O-O-O Ne5 11.Bb3 Nc4 12.Bxc4 Qxc4 13.Kb1 O-O
14.g4 b5 15.g5 {Here I thought for about 30 minutes about the following
sequence which should have won white a healthy pawn. Instead and despite the
time spent I overlooked 'something'' which cost me the game. (BvR)} b4!
16.Nce2? {This knight should go to a4 to leave space for the knight on d4
(BvR)} Nd7 17.b3 Qc7 18.Qxb4?? {I thought I had it all worked out on move 15
and quickly took black's pawn on b4, completely missing black's reply e5
(BvR)} e5 {oeps} 19.Nf5 gxf5 20.exf5 Bb7 {Bas pointed out Rd8 first to free
the bishop (JL)} 21.f6 Bh8 22.Qxd6 Qxd6 23.Rxd6 Bxf3 24.Re1 Rfd8 25.Ng3 Bg4
{Stopping Nf5-Ne7 or -Nh6} 26.Rf1 Nf8 27.Ne4 Ne6 28.Rf2 Rxd6 29.Nxd6 Rd8
30.Nc4 e4 31.Kb2 h6 {I wondered if a prophylactic Bh3 to stop h4 might work
(JL)} 32.h4 Bh5 33.Kc3 Nc7 34.Nb6 Kh7 35.a4 Rd1 36.Rd2 Rh1 37.Rd7 Ne6 38.Nd5
Rxh4 39.gxh6 Kg6 40.Rd6 Be2 41.Kd2 Rh2 42.Bf4 Rh4 {Incompletely calculated but
I saw Bas was short on time here (JL)} 43.Kxe2 Nxf4+ 44.Nxf4+ Rxf4 45.Rxa6
Kxh6 46.b4 Rxf6 47.Rxf6+ Bxf6 48.Ke3 Bc3 49.Kxe4 Bxb4 50.c4 Kg5 51.Kd5 f5
52.c5 Ba5 53.Kd6 f4 {Well played, Jeremy. Because black's bishop was boxed in,
I did live in hope for a while that I could mobilize my pawns on the
queenside. However, Jeremy worked systematically and successfully towards
liberating his trapped bishop and won the game.
Incidentally, it was Jeremy's last game for the tournament and at the club
before moving back to Melbourne. So, if I had to loose a game, it could not
have come on a better moment and to a more deserving player (BvR)
Great game Bas. (JL)} {#R} 0-1

[Event "BCC Championship 2016"]
[Site "BCC"]
[Date "2016.06.09"]
[Round "10"]
[White "Harrison Harrison"]
[Black "Perrin Kevin"]
[Result "0-1"]
[WhiteElo "1706"]
[BlackElo "1607"]

1.g4 {Look out here come a Harrison special} d5 2.g5 e5 3.d3 Bd6 4.Bg2 Ne7
5.Nc3 Be6 6.h4 Nbc6 7.e3 Qd7 8.f4 O-O-O 9.Nf3 exf4 10.exf4 Bg4 11.Ne2 Rhe8
12.c3 Nf5 13.Kd2?? {The position for white is poor but this move just
compounds matters (KP)} Ne3! {Stopping any retreat by the king} 14.Qg1 Qf5
15.Ne5? Bxe5 16.Qxe3 Bxc3+ 17.bxc3 Rxe3 {Harrison plays the middle game so
well so I was expecting the usual very tough game. The opening however let him
down and he never recovered. (KP)} {#R} 0-1

[Event "BCC Championship"]
[Site "Kevin's office"]
[Date "2016.06.11"]
[Round "7"]
[White "Kevin Perrin"]
[Black "Bas van Riel"]
[Result "0-1"]
[WhiteElo "1607"]
[BlackElo "1884"]

1.e4 c5 2.Nf3 Nc6 3.Nc3 Nf6 4.Bc4 d6 5.h3 e6 6.O-O Be7 7.d4 cxd4 8.Nxd4 a6
9.Nxc6 bxc6 10.Bf4 d5 11.exd5 cxd5 12.Bd3 O-O 13.a3 Bb7 14.b4? {White is
asking for trouble, as this weakens his queen side (BvR)} Rc8 15.Ne2 Nd7
16.Ng3 e5 17.Bc1 e4 18.Be2 Bf6 19.Ra2 Qc7 {Black's plan is to increase the
pressure along the c-file, to reduce white's options of counter-play, and
create trouble on the rook on a2 via d4 and Bd5. The plan is reasonable, but
the execution is not flawless.BvR)} 20.Nf5 Nb6 21.Bg4? {When playing 20..Nb6,
black miscalculated the possible and strong reply by white 21.Bb2 believing
that 21...Qxc2?;22. Bxf6,Qxa2 would have won the exchange. In fact, white
would win after 23.Nh6, gxh6;24.Bxc8 and black will be checkmated! In
hindsight, I hope that I would have seen this continuation, and replied
instead with 21...Bxb2; 22.Rxb2, g6 and 23..Rd8, still with very good chances
(BvR)} Na4 22.Bd2 d4 {22...d4!? Perhaps 22..Qc4 would have been more direct
but certainly more complicated (BvR)} 23.Nxd4 {Black perhaps could have tried
23.Ng3 with options of  23...e3 or Qc4 (BvR)} Bxd4 24.Bxc8 Rxc8 {Black now is
winning with two bishops for a rook (BvR)} 25.c3 Nxc3 26.Bxc3 Qxc3 27.Ra1?
Qxa1 28.Qxa1 Bxa1 29.Rxa1 Kf8 30.Kf1 Rc2 {#R} 0-1

[Event "BCC Championship"]
[Site "BCC"]
[Date "2016.06.16"]
[Round "11"]
[White "Rodney Jacobs"]
[Black "Ben Naughton"]
[Result "1-0"]
[WhiteElo "1659"]
[BlackElo "1421"]

1.e4 e5 2.Nf3 Nc6 3.Bc4 Nf6 4.d4 Nxe4 {ed is the usual move. (RJ)} 5.dxe5 Be7?
{After the game Ben and I thought the best move here for Black was Nc5. In
fact that is the most popular move on Chessbase and the move recommended by
Stockfish 7. An alternative is d6, with the idea of meeting Qd5 with Be6.(RJ)}
6.Qd5 O-O 7.Qxe4 d6 8.O-O Be6 9.Bxe6 fxe6 10.Nc3 Rf5 11.exd6 Qxd6 12.Rd1 {#r}
1-0

[Event "BCC Championship"]
[Site "BCC"]
[Date "2016.06.16"]
[Round "8"]
[White "James Watson"]
[Black "Kevin Perrin"]
[Result "1-0"]
[WhiteElo "1821"]
[BlackElo "1606"]

1.Nf3 Nf6 2.d4 e6 3.c4 d5 4.Nc3 Nc6 5.Bg5 Be7 6.e3 O-O 7.Rc1 h6 8.Bh4 a6 9.Be2
dxc4 10.Bxc4 b5 11.Bd3 Bb7 12.Bxf6 Bxf6 13.Be4 Na5 14.b3 Rc8 15.Bxb7 Nxb7
16.Ne4 Be7 17.Rc6? {Allowing 17...Qd5 18.Qc2 Nd8 and black gets an exchange,
though it's not all bad as I'd already been seriously giving thought to the
posibility of exchange sacrafices anyway} Bb4+ 18.Ned2 a5 19.O-O Qe7 20.Qe2
Nd8 21.Rc2 Qe8 22.Ne5 f6 23.Nd3 Bd6 24.Ne4 Nf7 25.Ndc5 a4 26.b4 c6 27.Qg4!
{Black resigned here. It is a little premature, I'd intended 27...f5 28.Nf6+
Kh8 29.Nxe8 fxg4 30.Nxd6 Nxd6 31.Nxe6 with an extra pawn and positional
advantage, I think black resigned because he had miscalculated a different
line.} {#r} 1-0

[Event "BCC Championship"]
[Site "BCC"]
[Date "2016.06.16"]
[Round "11"]
[White "Jamie Brotheridge"]
[Black "Peter Lumsdom"]
[Result "1/2-1/2"]
[WhiteElo "1529"]
[BlackElo "1786"]

1.e4 c6 2.d4 d5 3.e5 Bf5 4.Bd3 Bxd3 5.Qxd3 e6 6.Nf3 Nd7 7.Be3 Ne7 8.Nbd2 Nf5
9.Bg5 Be7 10.Bxe7 Qxe7 11.a4 O-O 12.Qa3 c5 13.dxc5 Qxc5 14.Qxc5 Nxc5 15.O-O
Rac8 16.Rfe1 Rfd8 17.g4 Ne7 18.Nd4 a6 19.f4 Nc6 20.N2f3 Ne4 21.c3 Na5 22.Re2
Nc4 23.a5 Rc5 24.Nb3 Rb5 25.Nfd4 Nc5 26.Nxc5 Rxc5 27.b4 Rc7 28.Kf2 Kf8 29.h4
Ke7 30.g5 g6 31.Kg3 Rh8 {ooo} 32.h5 Rcc8 {h6 is better 000} 33.h6 Kd7 34.Kf2
Ra8 35.Rc2 Rhb8 36.Ke2 b6 37.axb6 Rxb6 38.Kd3 Kc7 39.Nb3 Kc6 40.Rca2 a5
{that,s the losing move +-1.41} 41.Nxa5+ Nxa5 42.Rxa5 Rab8 43.Kd4 R8b7 44.Ra8
Rc7 45.Rh8 Kb7 46.Rxh7 Rbc6 47.Rc1 Rc4+ 48.Kd3 Rxf4 49.Rg7 Rh4 50.Rf1 Rh3+
51.Kd2 Rh2+ 52.Kd1 Rxc3 53.Rgxf7+ Kb6 54.R1f2 Rh4 55.R2f4 Rh2 {000} 56.Rf2 Rh4
57.R2f4 Rh2 58.Rf2 {computer say its draw} Rh1+ 59.Rf1 Rh2 60.R7f2 Rh4 61.Rf3
Rcc4 62.Ke2 Rh2+ 63.R3f2 Rhh4 64.Rf3 Rh2+ 65.R3f2 Rc2+ 66.Ke3 Rc3+ 67.Kf4 Rc4+
68.Kg3 Rh5 69.Rf4 {peter Lumsdom is a bit better cant belive i missed this up
god im hopeless} {#d} 1/2-1/2

[Event "BCC Championship"]
[Site "BCC"]
[Date "2016.06.16"]
[Round "11"]
[White "Michael Tausz"]
[Black "Bas Van Riel"]
[Result "1-0"]
[WhiteElo "1433"]
[BlackElo "1884"]

1.e4 {MT: Thanks for annotations and engine analyses (RJ and JB!). I just add
a few thoughts.} c5 2.Nf3 e6 3.d4 cxd4 4.c3 dxc3 5.Nxc3 Nc6 6.Bc4 d6 7.O-O Be7
8.Qe2 a6 9.Rd1 Qc7 10.Bf4 Nf6 11.Rac1 Qb8 {The most popular move on Chessbase
here is O-O. (RJ)} 12.h3?! {Stockfish 7 indicates 12. e5 is very strong. It's
also the most played move here on Chessbase.(RJ)
MT: h3 is lame. I do not know why I missed e5, as this is a move to look out
for here, and I played it later in a less favourable situation. I add the ?!
to the textmove as I think it is not in the spirit of the play.} O-O {The move
played on Chessbase is Nd7, presumably with a view to Ne5. (RJ)} 13.Rc2 b5
14.Bb3 Bb7 {MT: In the analysis after the game, BvR thought Black should have
followed up with Na4. Seems indeed inconvenient for White, as the nice bishop
will go and isolated double pawns remain.} 15.Rcd2 Rd8 16.e5 {MT: In the
meantime I had realised I missed it before, and thought this is another
opportunity.} dxe5 17.Rxd8+ Bxd8 18.Bxe5? {Nxe5 is better (RJ)
MT: I speculated with the knight ending up on e5 after the exchanges and
looking at f7. But I got lucky that the opportunity came to pass.} Nxe5 $19
19.Nxe5 {An interesting position. The computer gives Black a 1.47 advantage.
But White has more space and a potentially nasty kingside attack. (RJ).
MT: I felt that White was somewhat behind because too many pieces came off and
he is still one pawn down, but apparently it was worse than I thought.} Bc7??
{19.....Bb6 was a good option. The point is that 20. Nxf7 is then met by Qg3!
winning. Or 19....Qc7 (RJ) 19....Bb6! seems to consolidate black's advantage.
20.Nxf7, will be refuted by 20..Qg3! and wins (BvR)
MT: double "??" seem a bit harsh, but I did not reckon with Bb6 which would be
indeed very uncomfortable for White.} 20.Nxf7! {knight takes f7 good move
+-2.07 white is winning jb. A bold sac! Obviously based on judgment,  as the
continuation is by no means obvious to calculate. (RJ)
MT: Well, I had speculated with this sac already before, because e6 anf f7
seemed weak. I tried to calculate but obviously overlooked lots of things, At
this stage I thought (actually tried to calculate as well as I could!) that in
the worst case I can get the piece (Bc7 or b7 or Nf6) back and remain a pawn
up. It was more complicated than I thought! Also a consideration was that I
had sacked a knight against PL, and that did not turn out so well. Still, had
to be done!} Kxf7 {Qe8 was a little better. (RJ)
MT: After the game, JW asked why Black took the Knight at all. On my
suggestion that this is the honourable thing to do, JW called it "19th century
chess" :-)} 21.Qxe6+ Kg6 {MT: So far, so clear.} 22.Rd4 {The engines indicate
Rd7 was stronger. it threatens mate in 4 by Rxg7ch! (RJ)
MT: I took quite some time to check Rd7 (and get back Bc7 or b7), but thought
after Rd4 there are more possible threats. Not quite right as it turns out.}
h5?? {Stockfish 7 indicates has only a small edge after 17.....Bh2 ch!  18.
Kh1  Qe5  19. Qf7ch  Kh6  20. Kg5  Re8.......not a line a human is likely to
see! (RJ)
MT: I sure did not.} 23.Bc2+ $18 Kh6 24.Qf7? {24. Qe3ch  g5  25. Qe6 (RJ)
MT: Yep, should have seen that. I mistakenly thought that Bf4 is stopping it,
but Rxf4 would just decide.} Qe8! {The engines call it even here(RJ)
MT: At this point, I still thought White has the piece back and may remain a
pawn up...} 25.Qxc7 Qe1+ 26.Kh2 Qxf2 27.Qxb7 Qxd4? {The critical mistake.
Stockfish 7 gives 27......Re8! (activating his worst placed piece and
threatening Qxd4 as well as Re1) 28.Rd1 Qxc2 29. Qf3  Qxb2  30. Rd6 b4 31.
Rxf6ch gxf6  32. Qxf6ch with a perpetual. (RJ)
MT: I think both players did not see it and thought the game had tipped
already in White's favour.} 28.Qxa8 Qf4+ 29.g3 Qd2+ 30.Qg2 {MT: I counted on
this, but missed the alternative for Black at move 27.} Qd4 31.Ne4 {A great
game by Michael. (RJ)
MT: Thanks, but I got lucky more than once.} {#r} 1-0